Challenges for Europe /

Bibliographic Details
Other Authors: Stephenson, Hugh, 1938-
Format: Book
Language:English
Published: New York : Palgrave Macmillan, 2004.
Subjects:

MARC

Tag First Indicator Second Indicator Subfields
LEADER 00000cam a2200000 a 4500
001 in00002044913
005 20151101055504.0
008 040521s2004 nyua b 001 0 eng
010 |a  2004052198 
020 |a 1403936595 
035 |a (OCoLC)ocm55657329 
040 |a DLC  |c DLC  |d UtOrBLW 
042 |a pcc 
043 |a e------ 
049 |a TXAM 
050 0 0 |a HC240  |b .C48 2005 
082 0 0 |a 330.94  |2 22 
245 0 0 |a Challenges for Europe /  |c edited by Hugh Stephenson. 
264 1 |a New York :  |b Palgrave Macmillan,  |c 2004. 
300 |a x, 186 pages :  |b illustrations ;  |c 23 cm. 
336 |a text  |b txt  |2 rdacontent 
337 |a unmediated  |b n  |2 rdamedia 
338 |a volume  |b nc  |2 rdacarrier 
504 |a Includes bibliographical references and index. 
651 0 |a Europe  |x Economic conditions  |y 21st century. 
651 0 |a Europe  |x Economic policy. 
700 1 |a Stephenson, Hugh,  |d 1938- 
945 |i PromptCat 
947 |a A14831543787 
948 |a cataloged  |b h  |c 2005/4/19  |d c  |e dmitchel  |f 11:22:44 am 
994 |a 92  |b TXA 
999 |a MARS 
999 f f |s 55f56843-9653-33fe-8781-43df4a0b4982  |i 94fcadac-8c44-3199-846d-e0b8b749580a  |t 0 
952 f f |p ric  |a Texas A&M University  |b Rellis Campus  |c Joint Library Facility  |d Remote Storage  |t 0  |e HC240 .C48 2005  |h Library of Congress classification  |i unmediated -- volume  |m A14831543787 
998 f f |a HC240 .C48 2005  |t 0  |l Remote Storage